000 00716nam a2200241Ia 4500
003 OSt
005 20221007075821.0
006 a|||||r|||| 00| 0
007 ta
008 221006b |||||||| |||| 00| 0 eng d
024 _a44,404
037 _cTextual
040 _aFLL
_cFLL
_beng
041 _2eng
_aeng
082 _aV440j73:2:(Z), Q7
100 _aCHANDRACHUD Chintan
_9428704
245 0 _aBalance Constitutionalism
_b courts and legislatures in India and United Kingdom
250 _a1st
260 _aNew Delhi
_bOxford University press India
_c2017
300 _aliii,292p.
_ccm.
942 _hV440j73:2:(Z), Q7
_cTEXL
_2CC
999 _c1157462
_d1157462